| 000 | 00514nam a2200181Ia 4500 | ||
|---|---|---|---|
| 003 | GCL | ||
| 008 | 140319s9999 xx 000 0 eng d | ||
| 040 |
_aGCL / _cGCL |
||
| 082 | 0 | 4 |
_a940.1 _bV G |
| 100 | 1 | _aVERGER, JACQUES | |
| 245 | 1 | 0 |
_aLES GENS DE SAVOIR DANS L'EUROPE DE LA FIN DU MOYEN AGE / _cVERGER, JACQUES |
| 260 |
_a[S.N] : _bPRESSES UNIVERSITAIRES DE FRANCE ، _c1997 |
||
| 300 | _a239 P | ||
| 650 | 0 | 4 | _aEUROPE - HISTORY |
| 650 | 0 | 4 | _aHISTORY |
| 650 | 0 | 4 | _aEUROPE - EARLY HISTORY |
| 942 |
_2ddc _cBK |
||
| 999 |
_c16227 _d16227 |
||